MDQL
is popping MORE tags! Check the
thread
!
Quizzes
Events
Quiz Creation
Community
Videos
Private Events
Remove Ads
Sign In
Join for FREE
Feedback
Dark Mode
Quiz Categories
Sports
Geography
Music
Movies
Television
Just For Fun
Miscellaneous
History
Literature
Language
Science
Gaming
Entertainment
Religion
Holiday
For Kids
Quiz Lab
Recent
Popular Today
Quiz Kudos Today
Editor Picks
Curator Picks
Quizzes by...
Day
Popularity
Type
Ratings
Length
Year
Community
Subscriptions
Recent Discussions
Orange Saloon
Badges
Playlists
Quests
Create
Leaderboards
Showdown
Live 5
Trivia Bingo
Activity
Puzzle Library
Sporcle Events
Private Events
Virtual Trivia
Globe League
Become a Host
Pub Owners
SporcleCon
Opinionation
Our Games
Videos
Blog
Mobile Apps
Partnerships
Remove Ads and Go Orange
Feedback
Entertainment
Celebrity
Famous
Musical
Broadway
Show
Quote
Comic Books
Anime
Superhero
DC Comics
Marvel
Cartoons
Animation
Entertainment
Celebrity
Famous
Musical
Broadway
Show
Quote
Comic Books
Anime
Superhero
DC Comics
Marvel
Cartoons
Animation
Random Quiz
Search Sporcle
×
Curator Pick
Curator Pick
Entertainment
Famous
Type in answers that appear in a list
Type in answers that appear in a list
Classic
Best Score? Go Orange.
Celebrity Phone Numbers Stats
Can you name the celebrities if you dialed their names on a standard telephone keypad?
By
puckett86
12m
16 Questions
102 Plays
102 Plays
102 Plays
Comments
Comments
Give Quiz Kudos
Give Quiz Kudos
-
- Ratings
hide this ad
More Info
Forced Order
Answers have to be entered in order
Answers have to be entered in order
Random Order
Randomize order of answers
Randomize order of answers
Replay
Link that replays current quiz
Next Quiz
Link to next quiz in quiz playlist
You Got
0%
They Got
Avg Score
37%
Avg Friend Score
Upgrade to see
Score Distribution
Jump to the score distribution portion of the page
Score
0/16
Timer
12:00
0
Plays Today
Phone Number
Celebrity
% Correct
862-
848-
7626
Uma Thurman
54.9%
236-
233-
5325
Ben Affleck
50%
566-
783-
9278
Jon Stewart
46.1%
484-
443-
3637
Hugh Hefner
45.1%
564-
669-
3377
Johnny Depp
40.2%
846-
762-
2467
Tim Robbins
39.2%
966-
392-
5536
Woody Allen
37.3%
895-
377-
3779
Tyler Perry
35.3%
Phone Number
Celebrity
% Correct
425-
532-
3779
Halle Berry
34.3%
725-
593-
4353
Sally Field
34.3%
274-
539-
5833
Ashley Judd
33.3%
269-
763-
4537
Amy Poehler
32.4%
528-
348-
3766
Kate Hudson
32.4%
645-
392-
9787
Miley Cyrus
31.4%
992-
533-
5326
Wyclef Jean
24.5%
725-
624-
2935
Salma Hayek
22.5%
Quiz Playlist
Details
Report
Send in Message
Add To Playlist
More Info:
EXAMPLE: 436-743-2874 is George Bush NOTE: Must enter full names.
Classic:
Type in answers that appear in a list
Forced Order:
Answers have to be entered in order
Random Order:
Randomize order of answers
Last Updated: Feb 16, 2017
Curator Pick in
Numbers
Quiz Scoreboard
CHALLENGE
Sign Up to Join the Scoreboard
Show All
Scores
Hide
Comments
May contain spoilers
Recently Published
Find the 'City' Movie
by crazypaving
Movies
60s
5x2 Blitz: Bands
by SL_Kpop136
Music
30s
Colored Red Africa Blitz
by spor1
Geography
30s
More to Explore
Quiz From the Vault
Featured Blog Post
14 Easter Pick-up Lines to Find Eggs With
hide this ad
You Might Also Like...
Tags
Celebrity Quiz
Famous Quiz
Numbers Quiz
last
people
phone
standard
telephone
Today's Top Quizzes in Entertainment
Browse Entertainment
hide this ad
Today's Top Quizzes in Famous
Browse Famous
Top Contributed Quizzes in Entertainment
1
Dragon Ball Z: Goku's Fights in Order
2
Marvel Classic Character Map
3
Marvel Characters Bunker
4
JoJo's Bizarre Logic Quiz
5
This is Your Life: Edward Elric
6
BOYS PLANET Quiz
7
Celebrity Spelling Bee
8
This is Your Life: Itachi Uchiha
9
One Piece Heroines Chapter Cover
10
Survivor Winners Logic Quiz
Explore More
Trending Topics
NBA
Anime
Harry Potter
Kpop
Marvel
Disney
Crossword
Pokémon
Song
NFL
Soccer
WWE
Country
The Office
Puzzle
hide this ad
More By:
puckett86
Quiz
Plays
Rating
Category
Featured
Created
World Countries Border Blitz
1,280,400
4.82
Geography
Mar 4, 2011
Board Games by Board
585,977
4.36
Gaming
Oct 20, 2010
Logical Logic Puzzle
515,670
4.30
Just For Fun
Mar 16, 2013
Blitz: Name a Country
490,008
4.75
Geography
Mar 23, 2011
Country Ending in 'A' per Letter
417,018
4.61
Geography
Aug 3, 2010
Go to Creator's Profile
Score Distribution
Quiz Creator Spotlight
puckett86
Follow
Send a Message
Quizzes Created
-
Created Quiz Play Count
-
More By This Creator
Popular Quizzes Today
1
Colored Red Africa Blitz
2
Find the 'City' Movie
3
Find the US States - No Outlines Minefield
4
5x2 Blitz: Bands
5
The Countries of the World
6
Find the US States
7
US States
8
Find the Countries of Europe - No Outlines Minefield
More Entertainment Quizzes
5 Word Musical Title Match-Up
Quiz Lab
Trending Quizzes
Colored Red Europe Blitz I
Colored Red Europe Blitz II
Colored Red Africa Blitz II
Colored Red Europe Blitz III
Colored Red Africa Blitz III
Recently Updated
How Do You Spell That?
pecheneg
Godzilla Movies
pecheneg
Grab Bag: 4-10 Letters
pecheneg
2024 March Madness Bracket
pecheneg
Famous TV Couples
Peacemaker
Champions League XIs: Real Madrid
pecheneg
Largest US Cities 1790-2010
pecheneg
Rides in Walt Disney World
pecheneg
Most Oscar Losses (Acting)
pecheneg
Beyoncé Albums
pecheneg
Trending Topics
NBA
Disney
Kpop
Anime
Marvel
Crossword
Harry Potter
WWE
NFL
Soccer
Country
Puzzle
Pokémon
The Office
Song
Your Account Isn't Verified!
In order to create a playlist on Sporcle, you need to verify the email address you used during registration. Go to your
Sporcle Settings
to finish the process.
Report this User
Report this user for behavior that violates our
Community Guidelines
.
Details:
Send Report
Go to the Sporcle.com Mobile Site →
Comments